| 000 | 00861nam a2200217 a 4500 | ||
|---|---|---|---|
| 001 | 000010951 | ||
| 005 | 20250221073754.0 | ||
| 008 | 091013s1997 dr ag r 000 p spa d | ||
| 040 |
_aDO-SdBNP _bspa _cBNPHU |
||
| 082 |
_aRD861.3 _bP745c |
||
| 245 | 0 | 0 |
_aPoesías y canciones a la patria : _bde como los dominicanos han sentido la patria a través de la historia / _ccompilación Fiume Bienvenida Gómez Sánchez. |
| 260 |
_aSanto Domingo : _bONE, _c1997. |
||
| 300 |
_a381 p. : _bil., mús. ; _c21 cm. |
||
| 504 | _aBibliografía : p. 377 - 381 | ||
| 650 | 0 |
_aPoesía dominicana _966 |
|
| 650 | 4 |
_aCanciones dominicanas _919584 |
|
| 650 | 0 |
_aLiteratura dominicana. _967 |
|
| 700 | 1 | 2 |
_aGómez Sánchez, Fiume Bienvenida _ecomp. ant. _926359 |
| 710 | 1 |
_aRepública Dominicana. _bOficina Nacional de Estadística _95775 |
|
| 910 | _aValidado. Control de calidad.MFF | ||
| 999 |
_c10689 _d10689 |
||